000 00732nam a2200265Ia 4500
003 OSt
005 20221005092841.0
006 a|||||r|||| 00| 0
007 ta
008 221004b |||||||| |||| 00| 0 eng d
020 _a0333674065
024 _a22954
037 _cTextual
040 _aCRL
_cCRL
_beng
041 _2eng
_aeng
082 _aO111,2J64:g, N8
100 _aShakespeare William
245 0 _aTragedies Ed by Nicholas Marsh
260 _aNew York
_bSt. Martin's Press USA
_c1998
300 _a232p.
_ccm.
490 _aAnalysing texts. Ed by Nicholas Marsh
650 _aENGLISH LITERATURE
942 _hO111,2J64:g, N8
_cTEXL
_2cc
999 _c999457
_d999457